| 000 | 00000nam 2200000za 4500 |
| 001 | 9.649613 |
| 003 | CaOODSP |
| 005 | 20240319143454 |
| 007 | ta |
| 008 | 150407s2005||||xxc||||| f|0| 0 eng d |
| 020 | |a0-662-39637-5 |
| 040 | |aCaOODSP|beng |
| 043 | |an-cn--- |
| 086 | 1 |aHS28-16/2005E |
| 110 | 1 |aCanada. |bHuman Resources and Skills Development Canada. |
| 245 | 10|aBuilding essential skills in the workplace |
| 260 | |aOttawa - Ontario : |bHuman Resources and Skills Development Canada |c2005. |
| 300 | |a24p. : |btables ; |c23 cm. |
| 500 | |aIssued also in French under title: Développer les compétences essentielles en milieu de travail. |
| 500 | |aPlease be advised that alternate formats are not provided for this publication. The author department does not offer paper resources, and it is no longer active -- Service Canada, March 19, 2024. |
| 520 | 3 |aEssential Skills help people perform the tasks required by their occupation, provide people with a foundation for learning other skills, and enhance people’s ability to innovate and adapt to workplace change. Essential Skills include: Reading Text, Writing, Thinking Skills, Document Use, Oral Communication, Computer Use, Numeracy, Working with Others, and Continuous Learning. The case studies presented examine outstanding workplace education programs and initiatives. They highlight best practices in developing Essential Skills in the workplace and provide an overview of benefits, outcomes and impacts of Essential Skills training. Learning partners include schools, colleges, universities, workplaces, communities and governments. Also included in this publication is a 10-step guide to implementing Essential Skills learning program in the workplace. It provides information and advice to employers and their learning partners on ways to address challenges. |
| 563 | |aSpiral binding |
| 590 | |a05-15|b2005-04-15 |
| 690 | 07|aProfessional development|2gcpds |
| 690 | 07|aSkills|2gcpds |
| 775 | 08|tDévelopper les compétences essentielles en milieu de travail |w(CaOODSP)9.682790 |
| 776 | 0#|tBuilding essential skills in the workplace |w(CaOODSP)9.695012 |
| 986 | |aHIP-028-03-05E |